[Event "FRA-chT4"]
[Site "Champagne Ardenne"]
[Date "2005.01.09"]
[Round "4"]
[White "Thevenin, Alain"]
[Black "Rouable, Denis"]
[Result "1-0"]
[WhiteElo "2020"]
[BlackElo "1820"]
[PlyCount "136"]
[EventDate "2005.01.09"]
[EventType "team-tourn"]
[EventRounds "7"]
[EventCountry "FRA"]
[SourceTitle "EXT 2007"]
[Source "ChessBase"]
[SourceDate "2006.11.23"]
[SourceVersion "1"]
[SourceVersionDate "2006.11.23"]
[SourceQuality "1"]

1. d4 Nf6 2. Nf3 d5 3. g3 c6 4. Bg2 g6 5. 0-0 Bg7 6. c4 0-0 7. Nc3 Nbd7 8. Qc2 Nb6 9. cxd5 cxd5 10. Bf4 Bf5 11. Qb3 Rc8 12. Rac1 e6 13. Nb5 Nh5 14. Nxa7 Nxf4 15. gxf4 Ra8 16. Nb5 Nc4 17. Rfd1 Be4 18. Nc3 f5 19. Nxe4 fxe4 20. Ng5 Ra6 21. Qh3 Rf6 22. Qxh7+ Kf8 23. b3 Nd6 24. Qh4 Nf5 25. Nh7+ Ke7 26. Qh3 Rf7 27. Ng5 Rf8 28. Qc3 Rc6 29. Qb4+ Nd6 30. e3 Qc7 31. Rxc6 Qxc6 32. Bh3 Qc2 33. Qd2 Qxd2 34. Rxd2 Nf5 35. Rc2 Kd7 36. Kf1 Bf6 37. Nh7 Rf7 38. Bxf5 gxf5 39. Nxf6+ Rxf6 40. h3 Rg6 41. a4 Rg8 42. a5 Ra8 43. Rc5 b6 44. axb6 Rb8 45. Rb5 Kc6 46. Rb4 Kb7 47. Ra4 Rg8 48. Rb4 Rg7 49. Rb5 Rg8 50. Rc5 Kxb6 51. Rc1 Rg6 52. Ke2 Kb5 53. Rc8 Rh6 54. Re8 Kc6 55. b4 Kd7 56. Rg8 Rxh3 57. b5 Rh1 58. Rg7+ Kc8 59. Re7 Rh6 60. b6 Kb8 61. Kd2 Rh2 62. Kc3 Rxf2 63. Kb4 Re2 64. Kc5 Rxe3 65. Rxe6 Rb3 66. Kc6 Rc3+ 67. Kxd5 Kb7 68. Ke5 Rc5+ 1-0

[Event "FRA-chT4 0304"]
[Site "Champagne Ardenne"]
[Date "2004.01.18"]
[Round "4"]
[White "Rouable, Denis"]
[Black "Noizet, Regis"]
[Result "1-0"]
[WhiteElo "1810"]
[BlackElo "1770"]
[PlyCount "111"]
[EventDate "2003.10.??"]
[EventRounds "6"]
[EventCountry "FRA"]
[SourceTitle "EXT 2005"]
[Source "ChessBase"]
[SourceDate "2004.11.15"]
[SourceVersion "1"]
[SourceVersionDate "2004.11.15"]
[SourceQuality "1"]

1. d4 Nf6 2. c4 d6 3. Nc3 g6 4. e4 Bg7 5. f3 0-0 6. Be3 Nbd7 7. Bd3 e5 8. Nge2 exd4 9. Nxd4 Ne5 10. 0-0 Re8 11. Be2 Bd7 12. Qd2 Nc6 13. Rad1 Qc8 14. Nd5 Nxd5 15. cxd5 Ne5 16. Rc1 Re7 17. Rc2 Qd8 18. Rfc1 c5 19. dxc6 Nxc6 20. Bc4 Nxd4 21. Bxd4 Be6 22. Bxg7 Kxg7 23. Bd5 Qb6+ 24. Kh1 Rae8 25. Qc3+ Kg8 26. Qd2 Qb5 27. Bxe6 Rxe6 28. h3 Qe5 29. Rc7 R8e7 30. Rc8+ Re8 31. R1c7 Rxc8 32. Rxc8+ Kg7 33. Qb4 Re7 34. Rd8 Rc7 35. Qd2 Rc6 36. Kg1 Rb6 37. b3 Ra6 38. a4 Rc6 39. Rd7 Rb6 40. b4 Qa1+ 41. Kh2 Qe5+ 42. g3 a5 43. b5 Qc5 44. Qb2+ Qe5 45. Qb3 Qf6 46. f4 h5 47. h4 Kf8 48. Kg2 Qe6 49. Qxe6 fxe6 50. Kf3 d5 51. e5 Ke8 52. Rg7 Kd8 53. Rxg6 Rxb5 54. axb5 a4 55. Ke3 a3 56. Rg8+ 1-0